000 00365nam a22001697a 4500
005 20160903144821.0
008 160903b xxu||||| |||| 00| 0 eng d
020 _a81-85048-17-7
041 _aeng
082 _b20295
100 _aVERMA, JEEVAN P.
_93463
245 _aTHE BACTERIA
250 _a4th
260 _bMALHOTRA
_c2012
300 _a255
942 _cBK
999 _c5168
_d5166